书目信息 |
| 题名: |
去加勒比海
|
|
| 作者: | 王喜民 | |
| 分册: | ||
| 出版信息: | 北京 当代世界出版社 2016.08 |
|
| 页数: | 234页 | |
| 开本: | 20cm | |
| 丛书名: | ||
| 单 册: | ||
| 中图分类: | P725.8 | |
| 科图分类: | ||
| 主题词: | 海洋学--区域 | |
| 电子资源: | ||
| ISBN: | 7-5090-1125-6 | |
| 000 | 00575nam0 2200205 450 | |
| 001 | 2680 | |
| 005 | 20161205145439.63 | |
| 010 | @a7-5090-1125-6@dCNY58.00 | |
| 100 | @a20150810d2016 km y0chiy0120 ea | |
| 101 | 0 | @achi |
| 102 | @aCN@b110000 | |
| 200 | 1 | @a去加勒比海@Aqu jia le bi hai@f王喜民@Fwang xi min |
| 210 | @a北京@c当代世界出版社@d2016.08 | |
| 215 | @a234页@d20cm | |
| 330 | @a加勒比海·群岛·介绍 | |
| 606 | 0 | @a海洋学@x区域 |
| 690 | @aP725.8@v4 | |
| 701 | 0 | @a王喜民@Awang xi min |
| 801 | 0 | @aCN@b大连网信软件有限公司图书馆·11@c20161205 |
| 905 | @aZUCC@dP725.8@e68 | |
| 去加勒比海/王喜民.-北京:当代世界出版社,2016.08 |
| 234页;20cm |
| ISBN 7-5090-1125-6:CNY58.00 |
| 加勒比海·群岛·介绍 |
| ● |
| 相关链接 |
|
|
|
|
正题名:去加勒比海
索取号:P725.8/68
 
预约/预借
| 序号 | 登录号 | 条形码 | 馆藏地/架位号 | 状态 | 备注 |
| 1 | 907632 | 209076328 | 第二样本阅览室/ [索取号:P725.8/68] | 在馆 | |
| 2 | 907633 | 209076337 | 第三借阅区/ [索取号:P725.8/68] | 在馆 | |
| 3 | 907634 | 209076346 | 第三借阅区/ [索取号:P725.8/68] | 在馆 | |
| 4 | 907635 | 209076355 | 第三借阅区/ [索取号:P725.8/68] | 在馆 | |
| 5 | 907636 | 209076364 | 第三借阅区/ [索取号:P725.8/68] | 在馆 |